| 000 | 01537nam1a22002891i 4500 | ||
|---|---|---|---|
| 001 | v19\rc\1815589 | ||
| 005 | 20260408103914.0 | ||
| 035 | _a(NLR Aleph) 004914464 | ||
| 090 |
_a5511969 _c5511969 |
||
| 100 | _a20071224g19071915|||y0rusy50 ca | ||
| 101 | 0 | _arus | |
| 102 | _aRU | ||
| 105 | _ay j ||||| | ||
| 200 | 1 |
_aОтчет по учебно-воспитательной части Женской торговой школы имени П.Г. Терещенко... _fО-во распространения коммерч. образования в г. Киеве |
|
| 210 |
_aКиев _d1907-1915 |
||
| 215 | _d26 | ||
| 300 | _aОтчеты шк. с 1899 г. по 1905/06 уч. г. печатались в Отчетах по учебно-воспитательной части торговых школ и классов Киевского общества распространения коммерческого образования | ||
| 710 | 0 | 2 |
_aКиевская женская торговая школа им. П. Г. Терещенко _9372596 _3RU\NLR\AUTH\8810243391 |
| 712 | 0 | 2 |
_4570 _aКиевское общество распространения коммерческого образования _9459157 _3RU\NLR\AUTH\889981540 |
| 801 | 0 |
_aRU _bNLR _gpsbo |
|
| 801 | 0 |
_aRU _bRuMoRGB _2psbo |
|
| 801 | 1 |
_aRU _bProSoft-M _2rusmarc |
|
| 801 | 2 |
_aRU _bNLR _c20130724 _2rusmarc |
|
| 852 |
_aNLR (1906-1915) _jШифры разные |
||
| 899 |
_aRuMoRGB (1906-1915) _jS 40/230а |
||
| 899 | _aБАН (1906-1915) | ||
| 942 | _cBOOK | ||